[Event "FIDE Grand Swiss 2019"]
[Site "Douglas"]
[Date "12.10.2019"]
[Round "3.14"]
[White "Piorun, Kacper"]
[Black "Sargissian, Gabriel"]
[Result "0-1"]
[WhiteTitle "GM"]
[BlackTitle "GM"]
[WhiteElo "2643"]
[BlackElo "2690"]
[WhiteFideId "1130420"]
[BlackFideId "13300881"]
[EventDate "2019.10.10"]

1. d4 Nf6 2. c4 e6 3. Nc3 Bb4 4. Bd2 O-O 5. e3 d5 6. Nf3 b6 7. cxd5 exd5 8. Rc1
Bb7 9. Bd3 Be7 10. O-O c5 11. Ne5 Nc6 12. Be1 cxd4 13. Nxc6 Bxc6 14. Ne2 Bb7 15.
Nxd4 Ne4 16. Nf5 Bf6 17. Bb4 Re8 18. Bb5 a5 19. Ba3 Re6 20. Nd4 Bxd4 21. Qxd4 h5
22. Rfd1 Qh4 23. Rc2 Rc8 24. Re2 Qg5 25. f3 Nc5 26. Rc1 Bc6 27. Bxc6 Rexc6 28.
Rd1 b5 29. b3 Ne6 30. Qd3 d4 31. f4 Qg4 32. h3 Qg3 33. Qe4 Rc3 34. Bd6 Rxe3 35.
Rxe3 dxe3 36. Rf1 Nd4 37. Be5 e2 38. Rb1 e1=Q+ 39. Rxe1 Nf3+ 40. Qxf3 Qxe1+ 41.
Kh2 h4 0-1

[Event "FIDE Grand Swiss 2019"]
[Site "Douglas"]
[Date "12.10.2019"]
[Round "3.15"]
[White "Akopian, Vladimir"]
[Black "Gelfand, Boris"]
[Result "1/2-1/2"]
[WhiteTitle "GM"]
[BlackTitle "GM"]
[WhiteElo "2638"]
[BlackElo "2686"]
[WhiteFideId "13300032"]
[BlackFideId "2805677"]
[EventDate "2019.10.10"]

1. e4 c5 2. Nf3 Nc6 3. d4 cxd4 4. Nxd4 Nf6 5. Nc3 e5 6. Ndb5 d6 7. Bg5 a6 8. Na3
b5 9. Nd5 Be7 10. Bxf6 Bxf6 11. c4 b4 12. Nc2 O-O 13. Be2 Bg5 14. O-O a5 15. Qd3
Be6 16. a3 Qb8 17. axb4 Bxd5 18. b5 Be6 19. bxc6 Qb6 20. Na3 Qxc6 21. Nb5 Rfb8
22. Ra4 Bd8 23. Rfa1 Bb6 24. b3 Bc5 25. R1a2 Rf8 26. Bf3 Qb6 27. h3 g6 28. Re2
Rab8 29. Rea2 Bb4 30. Bg4 f5 31. exf5 gxf5 32. Be2 Kh8 33. Bf1 Rb7 34. Qd1 Rg7
35. Rxb4 axb4 36. Nxd6 f4 37. Kh1 Qd8 38. Rd2 Qh4 39. Qf3 Qh6 40. Kh2 Bg4 41.
Qc6 Qh5 42. f3 Bd7 1/2-1/2

[Event "FIDE Grand Swiss 2019"]
[Site "Douglas"]
[Date "12.10.2019"]
[Round "3.16"]
[White "Nguyen, Ngoc Truong Son"]
[Black "McShane, Luke J"]
[Result "0-1"]
[WhiteTitle "GM"]
[BlackTitle "GM"]
[WhiteElo "2638"]
[BlackElo "2682"]
[WhiteFideId "12401110"]
[BlackFideId "404853"]
[EventDate "2019.10.10"]

1. e4 e5 2. Nf3 Nc6 3. Bb5 Nf6 4. d3 Bc5 5. O-O Nd4 6. Nxd4 Bxd4 7. c3 Bb6 8.
Ba4 O-O 9. Bg5 h6 10. Bh4 d6 11. Nd2 g5 12. Bg3 h5 13. h3 h4 14. Bh2 g4 15. Kh1
Kh8 16. f4 gxh3 17. gxh3 Bxh3 18. Rf3 Bg4 19. fxe5 Nh5 20. Qf1 Qg5 21. Nc4 f5
22. Nxb6 axb6 23. Bd7 Bxf3+ 24. Qxf3 fxe4 25. Qg4 Ng3+ 26. Bxg3 Qxg4 27. Bxg4
hxg3 28. exd6 Rf4 29. Be6 cxd6 30. dxe4 Rxe4 31. Bd5 Re2 32. b4 Rf8 33. Rd1 Rf4 0-1

[Event "FIDE Grand Swiss 2019"]
[Site "Douglas"]
[Date "12.10.2019"]
[Round "3.17"]
[White "Korobov, Anton"]
[Black "Adly, Ahmed"]
[Result "1/2-1/2"]
[WhiteTitle "GM"]
[BlackTitle "GM"]
[WhiteElo "2679"]
[BlackElo "2636"]
[WhiteFideId "14105730"]
[BlackFideId "10601619"]
[EventDate "2019.10.10"]

1. d4 Nf6 2. c4 e6 3. Nf3 Bb4+ 4. Nbd2 O-O 5. a3 Be7 6. b4 a5 7. b5 c6 8. e4 d5
9. e5 Ne4 10. h4 f5 11. exf6 Bxf6 12. Bb2 Qe8 13. Bd3 e5 14. dxe5 Nd7 15. O-O
Nxe5 16. Bxe5 Bxe5 17. Nxe5 Qxe5 18. cxd5 cxd5 19. Nxe4 dxe4 20. Qe2 Bf5 21. Qe3
Qc3 22. Be2 Rac8 23. Rac1 Qxe3 24. fxe3 Be6 25. Kh2 Rfd8 26. Kg3 Rxc1 27. Rxc1
Rd2 28. Bc4 Bxc4 29. Rxc4 Rd3 30. Rc8+ Kf7 31. Rc7+ Kg6 32. Kf4 Rxa3 33. Rxb7 h5
34. Kxe4 a4 35. Rb6+ Kf7 36. Kd4 Rb3 37. e4 Rb4+ 38. Kc5 Rxe4 39. Ra6 Ke7 40. g3
Kd8 41. Kb6 Rc4 42. Ra8+ Kd7 43. Ra7+ Kc8 44. Rxg7 a3 45. Ra7 Rc3 46. Ra8+ Kd7
47. Ra4 Kc8 48. Ra8+ Kd7 49. Ra5 Rb3 50. Ra4 Kc8 51. g4 hxg4 52. Rxg4 a2 53.
Rg8+ Kd7 54. Ra8 Rb2 55. h5 Rh2 56. Ra4 Kc8 57. Ra3 Kb8 58. Rg3 Rc2 59. Rg1 Rc7
60. Ra1 Rb7+ 61. Kc5 Rh7 62. Rxa2 Rxh5+ 63. Kb6 Rh6+ 64. Ka5 Kb7 65. Rg2 Rh7 66.
Rg5 Ka7 67. b6+ Kb7 68. Kb5 Rf7 69. Rc5 Rh7 70. Rc7+ Rxc7 71. bxc7 Kxc7 1/2-1/2

[Event "FIDE Grand Swiss 2019"]
[Site "Douglas"]
[Date "12.10.2019"]
[Round "3.19"]
[White "Anton Guijarro, David"]
[Black "Najer, Evgeniy"]
[Result "1/2-1/2"]
[WhiteTitle "GM"]
[BlackTitle "GM"]
[WhiteElo "2674"]
[BlackElo "2635"]
[WhiteFideId "2285525"]
[BlackFideId "4118987"]
[EventDate "2019.10.10"]

1. c4 e5 2. g3 c6 3. d4 e4 4. d5 Bb4+ 5. Bd2 Qe7 6. e3 Nf6 7. Bxb4 Qxb4+ 8. Qd2
Qxd2+ 9. Nxd2 d6 10. Ne2 O-O 11. Nc3 Bf5 12. h3 g5 13. O-O-O h6 14. Nb3 Rd8 15.
g4 Bg6 16. Na5 Rd7 17. b4 c5 18. bxc5 dxc5 19. Bg2 Na6 20. a3 Re8 21. Kc2 Kg7
22. Rb1 b6 23. Nc6 Nb8 24. Nxb8 Rxb8 25. a4 Kf8 26. a5 Ke7 27. Rb2 Kd6 28. Ra1
Rdb7 29. Nb5+ Ke5 30. axb6 axb6 31. Na7 Kd6 32. Ra6 Nd7 33. Nb5+ Ke5 34. Kc3 f5
35. f4+ exf3 36. Bxf3 Nf6 37. Na7 Kd6 38. Nb5+ Ke5 39. Na7 Kd6 40. Rf2 fxg4 41.
hxg4 Rf8 42. Rh2 h5 43. gxh5 g4 44. Bg2 Be4 45. Bxe4 Nxe4+ 46. Kd3 g3 47. Rg2
Rf2 48. Kxe4 Rxg2 49. Nb5+ Ke7 50. Ra8 Kf6 51. Kf3 Rh2 52. Kxg3 Rxh5 53. Kf3
Rh3+ 54. Ke2 Re7 55. Rf8+ Kg7 56. Rf3 Rxf3 57. Kxf3 Kf6 58. Ke2 Ke5 59. Kd3 Rh7
60. Nc3 Rh2 61. Nb5 Rb2 62. Nc3 Rb4 63. Nb5 Rb3+ 64. Kd2 Rxb5 65. cxb5 Kxd5 66.
Kc3 1/2-1/2

[Event "FIDE Grand Swiss 2019"]
[Site "Douglas"]
[Date "12.10.2019"]
[Round "3.20"]
[White "Cheparinov, Ivan"]
[Black "Jobava, Baadur"]
[Result "1-0"]
[WhiteTitle "GM"]
[BlackTitle "GM"]
[WhiteElo "2670"]
[BlackElo "2617"]
[WhiteFideId "2905540"]
[BlackFideId "13601520"]
[EventDate "2019.10.10"]

1. d4 Nf6 2. c4 e6 3. Nf3 b6 4. g3 Bb7 5. Bg2 Bb4+ 6. Bd2 Bxd2+ 7. Qxd2 d6 8.
O-O O-O 9. Qf4 c5 10. Rd1 Qe7 11. dxc5 dxc5 12. Ne5 Bxg2 13. Kxg2 Qb7+ 14. Qf3
Qxf3+ 15. Kxf3 Rc8 16. Nc3 Nc6 17. Nxc6 Rxc6 18. e4 e5 19. Rd3 Kf8 20. Rad1 Ke7
21. g4 h6 22. h4 a6 23. Nd5+ Nxd5 24. Rxd5 Ke6 25. Rd7 b5 26. Rb7 bxc4 27. Rdd7
Rf8 28. Ke3 Kf6 29. a4 g5 30. h5 a5 31. f3 Ke6 32. Kd2 Rd6+ 33. Rxd6+ Kxd6 34.
Rb6+ Ke7 35. Kc3 Rd8 36. Kxc4 f6 37. Kxc5 Rd3 38. Rb5 Rxf3 39. Rxa5 Re3 40. Ra7+
Ke6 41. a5 Rxe4 42. a6 Rxg4 43. b4 Rg2 44. Ra8 Ra2 45. a7 Kf5 46. b5 1-0

[Event "FIDE Grand Swiss 2019"]
[Site "Douglas"]
[Date "12.10.2019"]
[Round "3.22"]
[White "Vovk, Andriy"]
[Black "Maghsoodloo, Parham"]
[Result "0-1"]
[WhiteTitle "GM"]
[BlackTitle "GM"]
[WhiteElo "2618"]
[BlackElo "2664"]
[WhiteFideId "14114470"]
[BlackFideId "12539929"]
[EventDate "2019.10.10"]

1. e4 e6 2. d4 d5 3. Nd2 c5 4. exd5 Qxd5 5. dxc5 Qxc5 6. Ngf3 Nf6 7. Bd3 Be7 8.
O-O O-O 9. Qe2 Qc7 10. Nd4 a6 11. Ne4 Re8 12. Re1 Bd7 13. Bg5 Nxe4 14. Qxe4 g6
15. Bxe7 Rxe7 16. Qh4 Nc6 17. Nf3 Rae8 18. Re3 f5 19. Qc4 b5 20. Qb3 Na5 21. Qa3
e5 22. Rae1 e4 23. Nd4 Qb6 24. c3 Be6 25. Bf1 Bc4 26. b4 Nb7 27. Bxc4+ bxc4 28.
f3 Nd6 29. fxe4 Nxe4 30. Qb2 h5 31. a4 Kg7 32. a5 Qd6 33. b5 axb5 34. Nxb5 Qa6
35. Nd4 Re5 36. Qb6 Qxa5 37. Qb7+ R8e7 38. Qc8 Qc5 39. Qxc5 Rxc5 40. Ra1 Rcc7
41. h4 Ra7 42. Rd1 Red7 43. Rb1 Rdb7 44. Rbe1 Ra3 45. Ne6+ Kh6 46. Rd1 Re7 47.
Ng5 Rxc3 48. Rxc3 Nxc3 49. Rd8 Ne4 50. Rh8+ Kg7 51. Rc8 Nxg5 52. hxg5 Re4 53.
Rc7+ Kf8 54. Rc6 Kf7 55. Rf6+ Kg7 56. Rc6 Rg4 57. Rc7+ Kf8 58. Kh2 Rxg5 59. Rxc4
Kg7 60. Rc8 Rg4 61. Rc7+ Kh6 62. Rc6 Kg5 63. Ra6 Re4 64. Rb6 Re3 65. Ra6 f4 0-1

[Event "FIDE Grand Swiss 2019"]
[Site "Douglas"]
[Date "12.10.2019"]
[Round "3.23"]
[White "Safarli, Eltaj"]
[Black "Eljanov, Pavel"]
[Result "1/2-1/2"]
[WhiteTitle "GM"]
[BlackTitle "GM"]
[WhiteElo "2593"]
[BlackElo "2663"]
[WhiteFideId "13402129"]
[BlackFideId "14102951"]
[EventDate "2019.10.10"]

1. e4 e5 2. Nf3 Nc6 3. Bb5 Nf6 4. O-O Nxe4 5. Re1 Nd6 6. Nxe5 Be7 7. Bf1 Nxe5 8.
Rxe5 O-O 9. d4 Bf6 10. Re1 Re8 11. c3 Rxe1 12. Qxe1 Ne8 13. Bf4 d5 14. Bd3 g6
15. Nd2 Ng7 16. Qe2 c6 17. Re1 Bf5 18. Bxf5 Nxf5 19. Nf3 Ng7 20. Be5 Ne6 21.
Bxf6 Qxf6 22. Ne5 Re8 23. Ng4 Qd8 24. Qe5 Ng7 25. Qxe8+ Nxe8 26. Rxe8+ Qxe8 27.
Nf6+ Kf8 28. Nxe8 Kxe8 29. f4 f5 30. Kf2 Ke7 31. h4 1/2-1/2

[Event "FIDE Grand Swiss 2019"]
[Site "Douglas"]
[Date "12.10.2019"]
[Round "3.24"]
[White "Dreev, Aleksey"]
[Black "Munguntuul, Batkhuyag"]
[Result "1/2-1/2"]
[WhiteTitle "GM"]
[BlackTitle "IM"]
[WhiteElo "2662"]
[BlackElo "2421"]
[WhiteFideId "4100107"]
[BlackFideId "4900758"]
[EventDate "2019.10.10"]

1. d4 d5 2. c4 c6 3. Nf3 Nf6 4. Qc2 dxc4 5. Qxc4 Bg4 6. Nbd2 Nbd7 7. g3 e6 8.
Bg2 Be7 9. O-O O-O 10. Qb3 Qb6 11. Nc4 Qa6 12. Bd2 Nb6 13. Rfc1 Ne4 14. Be1 Nxc4
15. Qxc4 Qxc4 16. Rxc4 Nd6 17. Rcc1 f6 18. Ba5 Rac8 19. e3 Nb5 20. a3 Rfe8 21.
Nd2 Bh5 22. Nc4 Nd6 23. Nd2 Nb5 24. Bf1 Bf7 25. Nf3 Nc7 26. Ne1 Nd5 27. Nd3 Nc7
28. Rc2 Bd6 29. Bh3 Bg6 30. Rd1 Be4 31. Rcc1 Bf3 32. Re1 Be4 33. Nc5 Bxc5 34.
dxc5 Kf7 35. Rc4 Bd3 36. Rd4 Ba6 37. e4 Re7 38. Red1 Ke8 39. R1d2 Kf7 40. a4 g6
41. f3 f5 42. b3 Rce8 43. Rd7 Rc8 44. Kf2 Nd5 45. Rd6 Nc7 46. Ke3 Rce8 47. Kf2
Rc8 48. Rd1 Rf8 49. Ke3 Rc8 50. Kf4 Rce8 51. R1d2 e5+ 52. Ke3 fxe4 53. Bxc7 Rxc7
54. Kxe4 Ree7 55. Rd7 Rcxd7 56. Rxd7 Be2 57. Rd2 Ba6 58. Bc8 Ke8 59. h4 Bf1 60.
Rd6 Be2 61. Ke3 Bf1 62. Be6 Ba6 63. Ke4 Be2 64. b4 Bd1 65. a5 Be2 66. g4 a6 67.
g5 Bd1 68. Kxe5 Bxf3 69. Kf6 Be2 70. Rd4 Bf3 71. Rd3 Bg2 72. Rd2 Bf3 73. Rd4 Bg2
74. Rd3 Bh1 75. Bg8 Bg2 76. Rg3 Bd5 77. Bxd5 cxd5 78. Rd3 Re4 79. Rxd5 Rxb4 80.
Re5+ Kd8 81. Rd5+ Kc7 82. h5 gxh5 83. Kg7 h4 84. Kxh7 h3 85. Rd1 Rh4+ 86. Kg7 h2
87. Rh1 Kc6 88. g6 Kxc5 89. Kf6 Kb5 90. g7 Rf4+ 91. Ke6 Rg4 92. Kf6 Kxa5 93.
Rxh2 b5 94. Rh5 Rxg7 95. Kxg7 Ka4 96. Kf6 b4 97. Ke5 b3 98. Rh2 Ka3 99. Kd4 b2
100. Rxb2 Kxb2 1/2-1/2

[Event "FIDE Grand Swiss 2019"]
[Site "Douglas"]
[Date "12.10.2019"]
[Round "3.35"]
[White "Vocaturo, Daniele"]
[Black "Howell, David W L"]
[Result "0-1"]
[WhiteTitle "GM"]
[BlackTitle "GM"]
[WhiteElo "2620"]
[BlackElo "2694"]
[WhiteFideId "813192"]
[BlackFideId "410608"]
[EventDate "2019.10.10"]

1. e4 c6 2. d4 d5 3. Nc3 dxe4 4. Nxe4 Nf6 5. Nxf6+ exf6 6. c3 Bd6 7. Bd3 O-O 8.
Qc2 Re8+ 9. Ne2 h5 10. O-O h4 11. h3 Nd7 12. Be3 Nf8 13. c4 Bc7 14. Rad1 Qd6 15.
Nf4 Bb8 16. Rfe1 Bd7 17. Kf1 Ne6 18. Bh7+ Kh8 19. Nxe6 Bxe6 20. Bf5 Qh2 21. Bxe6
Rxe6 22. d5 cxd5 23. cxd5 Re8 24. Rd4 Kg8 25. Rxh4 Qh1+ 26. Ke2 Rxe3+ 27. Kxe3
Qxe1+ 28. Kf3 Bd6 29. Qh7+ Kf8 30. Qh8+ Ke7 31. Qxa8 Qd1+ 32. Ke4 Qc2+ 33. Ke3
Bc5+ 34. Rd4 Qxb2 0-1

[Event "FIDE Grand Swiss 2019"]
[Site "Douglas"]
[Date "12.10.2019"]
[Round "3.36"]
[White "Vallejo Pons, Francisco"]
[Black "Durarbayli, Vasif"]
[Result "1/2-1/2"]
[WhiteTitle "GM"]
[BlackTitle "GM"]
[WhiteElo "2694"]
[BlackElo "2617"]
[WhiteFideId "2205530"]
[BlackFideId "13402935"]
[EventDate "2019.10.10"]

1. e4 e6 2. d4 d5 3. Nc3 Nf6 4. Bg5 dxe4 5. Nxe4 Nbd7 6. Nxf6+ Nxf6 7. Nf3 h6 8.
Be3 Nd5 9. Bd2 c5 10. Bb5+ Bd7 11. Qe2 Bxb5 12. Qxb5+ Qd7 13. Qxd7+ Kxd7 14. c4
Nf6 15. O-O-O cxd4 16. Nxd4 Rc8 17. b3 Ba3+ 18. Kc2 Ke7 19. Rhe1 Rhd8 20. Ba5
Rd5 21. Bc3 Rg5 22. g3 Rh5 23. h4 Kf8 24. f4 Bc5 25. b4 Be7 26. Kb3 a5 27. a3
a4+ 28. Kxa4 Rxc4 29. Kb3 Rc8 30. Nf3 Rd5 31. Rxd5 Nxd5 32. Bd2 Rd8 33. Rc1 Nf6
34. Be1 Ne4 35. Ne5 Bd6 36. a4 g5 37. hxg5 hxg5 38. a5 f6 39. Nc4 Bb8 40. fxg5
fxg5 41. g4 Bf4 42. Rc2 Rd3+ 43. Ka4 Ke7 44. Kb5 Bc7 45. Nd2 1/2-1/2

[Event "FIDE Grand Swiss 2019"]
[Site "Douglas"]
[Date "12.10.2019"]
[Round "3.37"]
[White "Grandelius, Nils"]
[Black "Paravyan, David"]
[Result "0-1"]
[WhiteTitle "GM"]
[BlackTitle "GM"]
[WhiteElo "2691"]
[BlackElo "2602"]
[WhiteFideId "1710400"]
[BlackFideId "4194985"]
[EventDate "2019.10.10"]

1. e4 e5 2. Nf3 Nc6 3. Bb5 Nf6 4. O-O Nxe4 5. Re1 Nd6 6. Nxe5 Be7 7. Bf1 Nxe5 8.
Rxe5 O-O 9. d4 Ne8 10. c4 Bf6 11. Re1 d5 12. cxd5 Qxd5 13. Be3 Be6 14. Nc3 Qa5
15. a3 c6 16. Ne4 Qd8 17. Nc5 Nd6 18. Bf4 Bd5 19. Be5 Re8 20. Rc1 Bg5 21. Rc3 b6
22. Na6 f6 23. Bxd6 Qxd6 24. Nb4 f5 25. Rxe8+ Rxe8 26. Nxd5 cxd5 27. Qh5 Qg6 28.
Qf3 Qf7 29. g3 g6 30. Bd3 Qe6 31. Bb5 Rd8 32. Rc7 Bf6 33. Rxa7 Rc8 34. Bd7 Rc1+
35. Kg2 Qe4 36. Qxe4 dxe4 37. Be6+ Kh8 38. Ra8+ Kg7 39. Ra7+ Kh8 40. d5 Rc2 41.
Ra8+ Kg7 42. Ra7+ Kh6 43. Bg8 Bd4 44. h4 Rxf2+ 45. Kh3 Bg7 46. Re7 Rxb2 47. d6
Rd2 48. d7 b5 49. Be6 Bf6 50. Re8 e3 51. Bb3 e2 52. Bg8 Kg7 53. Bb3 f4 54. g4
Rd3+ 55. Kg2 Bxh4 0-1

[Event "FIDE Grand Swiss 2019"]
[Site "Douglas"]
[Date "12.10.2019"]
[Round "3.39"]
[White "Erdos, Viktor"]
[Black "Ragger, Markus"]
[Result "1/2-1/2"]
[WhiteTitle "GM"]
[BlackTitle "GM"]
[WhiteElo "2604"]
[BlackElo "2684"]
[WhiteFideId "719978"]
[BlackFideId "1610856"]
[EventDate "2019.10.10"]

1. Nf3 d5 2. d4 Nf6 3. c4 e6 4. Nc3 c5 5. cxd5 Nxd5 6. e3 cxd4 7. exd4 Nxc3 8.
bxc3 Qc7 9. Qc2 Nd7 10. Bd3 b6 11. Be4 Bb7 12. Bxb7 Qxb7 13. O-O Be7 14. c4 O-O
15. Qb3 Rac8 16. Be3 Rc6 17. Rfc1 Rfc8 18. Rc3 Nf6 19. Rac1 Bd6 20. h3 h6 21. a4
R6c7 22. R3c2 Qe4 23. Bd2 Nd7 24. Re1 Qf5 25. Nh4 Qf6 26. Nf3 Qf5 27. Nh4 Qf6
28. Nf3 Qf5 29. Nh4 Qf6 30. Nf3 Qf5 1/2-1/2

[Event "FIDE Grand Swiss 2019"]
[Site "Douglas"]
[Date "12.10.2019"]
[Round "3.40"]
[White "Efimenko, Zahar"]
[Black "Ponomariov, Ruslan"]
[Result "1/2-1/2"]
[WhiteTitle "GM"]
[BlackTitle "GM"]
[WhiteElo "2604"]
[BlackElo "2675"]
[WhiteFideId "14107201"]
[BlackFideId "14103320"]
[EventDate "2019.10.10"]

1. e4 e5 2. Nf3 Nc6 3. Bb5 Nf6 4. O-O Nxe4 5. Re1 Nd6 6. Nxe5 Be7 7. Bf1 Nxe5 8.
Rxe5 O-O 9. Nc3 Ne8 10. Nd5 Bd6 11. Re1 c6 12. Ne3 Be7 13. c4 Nc7 14. d4 d5 15.
cxd5 Bb4 16. Bd2 Bxd2 17. Qxd2 Nxd5 18. Nxd5 Qxd5 19. Re5 Qd6 20. Bc4 Bd7 21.
Rae1 b5 22. Bb3 a5 23. a3 a4 24. Ba2 Rae8 25. Qc3 Rxe5 26. dxe5 Qe7 27. h3 Be6
28. Bxe6 Qxe6 29. Rd1 f6 30. Rd6 Qxe5 31. Qxe5 fxe5 32. Rxc6 Rd8 33. Rc5 b4 34.
Rxe5 Rd1+ 35. Kh2 Rd2 36. Ra5 Rxb2 37. Rxa4 bxa3 38. Rxa3 Rxf2 1/2-1/2

[Event "FIDE Grand Swiss 2019"]
[Site "Douglas"]
[Date "12.10.2019"]
[Round "3.41"]
[White "Sasikiran, Krishnan"]
[Black "Harika, Dronavalli"]
[Result "1-0"]
[WhiteTitle "GM"]
[BlackTitle "GM"]
[WhiteElo "2675"]
[BlackElo "2495"]
[WhiteFideId "5004985"]
[BlackFideId "5015197"]
[EventDate "2019.10.10"]

1. e4 c5 2. Nf3 Nc6 3. Nc3 e5 4. Bc4 Be7 5. d3 Nf6 6. Ng5 O-O 7. h4 h6 8. Nd5
Nxd5 9. Bxd5 Nb4 10. Bb3 d5 11. a3 c4 12. dxc4 dxc4 13. Bxc4 Qxd1+ 14. Kxd1 hxg5
15. axb4 gxh4 16. c3 a6 17. Be3 Be6 18. Bxe6 fxe6 19. Ke2 Kf7 20. Ra5 Bf6 21. b5
Bd8 22. Ra4 Rb8 23. Bc5 axb5 24. Rb4 Rh8 25. Rxb5 b6 26. Bd6 Rc8 27. Bxe5 Rh5
28. g4 Rg5 29. Rg1 h3 30. f4 h2 31. Rh1 Rxg4 32. Rxh2 Rc4 33. Kf3 Rg1 34. Bd4
Rf1+ 35. Rf2 Re1 36. Rg2 Bf6 37. Rg1 1-0

[Event "FIDE Grand Swiss 2019"]
[Site "Douglas"]
[Date "12.10.2019"]
[Round "3.42"]
[White "Yilmaz, Mustafa"]
[Black "Bacrot, Etienne"]
[Result "1/2-1/2"]
[WhiteTitle "GM"]
[BlackTitle "GM"]
[WhiteElo "2595"]
[BlackElo "2671"]
[WhiteFideId "6302718"]
[BlackFideId "605506"]
[EventDate "2019.10.10"]

1. d4 Nf6 2. c4 e6 3. Nf3 d5 4. Nc3 Be7 5. Bf4 O-O 6. e3 b6 7. cxd5 Nxd5 8. Nxd5
Qxd5 9. Be2 Ba6 10. Bxc7 Rc8 11. Bg3 Qa5+ 12. Kf1 Nc6 13. Kg1 Nb4 14. a3 Nd5 15.
h3 Nf6 16. Kh2 Ne4 17. Rf1 Nxg3 18. fxg3 Rc7 19. Bd3 Bb7 20. Qe2 Rac8 21. Rf2
Qh5 22. e4 Rd8 23. Qe3 e5 24. Nxe5 Bg5 25. Qf3 Qxf3 26. Nxf3 Be3 27. Rc2 Rxc2
28. Bxc2 Bxd4 29. Rd1 Bf6 30. Rxd8+ Bxd8 31. Kg1 1/2-1/2

[Event "FIDE Grand Swiss 2019"]
[Site "Douglas"]
[Date "12.10.2019"]
[Round "3.44"]
[White "Robson, Ray"]
[Black "Stefanova, Antoaneta"]
[Result "1-0"]
[WhiteTitle "GM"]
[BlackTitle "GM"]
[WhiteElo "2670"]
[BlackElo "2479"]
[WhiteFideId "2023970"]
[BlackFideId "2902257"]
[EventDate "2019.10.10"]

1. e4 e5 2. Nf3 Nc6 3. Bb5 a6 4. Ba4 Nf6 5. O-O Bc5 6. c3 O-O 7. d4 Ba7 8. Re1
b5 9. Bc2 d6 10. h3 Re8 11. Be3 exd4 12. cxd4 Nb4 13. Nbd2 Bb7 14. Bb1 Bxe4 15.
Nxe4 Nxe4 16. Qb3 c5 17. a3 cxd4 18. Bxd4 Nxf2 19. Rxe8+ Qxe8 20. Qxb4 Qe2 21.
Bxa7 Nxh3+ 22. gxh3 Qxf3 23. Bf2 Qxh3 24. Qh4 1-0

[Event "FIDE Grand Swiss 2019"]
[Site "Douglas"]
[Date "12.10.2019"]
[Round "3.45"]
[White "Boruchovsky, Avital"]
[Black "Kryvoruchko, Yuriy"]
[Result "0-1"]
[WhiteTitle "GM"]
[BlackTitle "GM"]
[WhiteElo "2533"]
[BlackElo "2669"]
[WhiteFideId "2800055"]
[BlackFideId "14109182"]
[EventDate "2019.10.10"]

1. e4 e5 2. Nf3 Nc6 3. Bb5 Nf6 4. d3 Bc5 5. Bxc6 dxc6 6. Nbd2 Bg4 7. h3 Bh5 8.
Nb3 Bd6 9. Be3 Nd7 10. g4 Bg6 11. Qd2 Qe7 12. Nh4 a5 13. a4 Bb4 14. c3 Bc5 15.
Ng2 f6 16. O-O Bxe3 17. Qxe3 h5 18. Nd2 hxg4 19. hxg4 O-O-O 20. d4 exd4 21. cxd4
c5 22. d5 Rh6 23. f4 Rdh8 24. Ra3 Bf7 25. Nc4 g5 26. Nxa5 gxf4 27. Rxf4 Ne5 28.
Qb3 b6 29. Nc4 Rh1+ 30. Kf2 Rc1 31. Nxb6+ cxb6 32. Qxb6 Qb7 33. a5 Nd7 34. Qc6+
Kb8 35. Kg3 Qxb2 36. Qxd7 Qxa3+ 37. Rf3 Qb2 38. Qd6+ Ka7 39. Qe7+ Ka8 40. Rxf6
Qb8+ 41. d6 Be8 42. g5 Bc6 43. g6 Rc3+ 44. Kg4 Qc8+ 45. Kf4 Re8 46. d7 Qb8+ 47.
Qd6 Rxe4+ 48. Kf5 Rf3+ 49. Kg5 Rg3+ 50. Kf5 Bxd7+ 51. Kxe4 Qb4+ 52. Ke5 Rg5+ 53.
Rf5 Rxf5# 0-1

[Event "FIDE Grand Swiss 2019"]
[Site "Douglas"]
[Date "12.10.2019"]
[Round "3.46"]
[White "Berkes, Ferenc"]
[Black "Bjerre, Jonas Buhl"]
[Result "1/2-1/2"]
[WhiteTitle "GM"]
[BlackTitle "IM"]
[WhiteElo "2667"]
[BlackElo "2506"]
[WhiteFideId "718572"]
[BlackFideId "1444948"]
[EventDate "2019.10.10"]

1. d4 Nf6 2. Nf3 e6 3. Bf4 d5 4. e3 Bd6 5. Bg3 O-O 6. c4 c5 7. dxc5 Bxc5 8. Nc3
dxc4 9. Bxc4 a6 10. Qc2 Nbd7 11. Rd1 b5 12. Bd3 Qb6 13. O-O h6 14. Ne5 Nxe5 15.
Bxe5 Bb7 16. Bxf6 gxf6 17. Be4 Rfd8 18. Bxb7 Qxb7 19. Ne4 Be7 20. Ng3 Rac8 21.
Qe2 Qc6 22. Qg4+ Kh7 23. Qh5 Kg7 24. Qg4+ Kh7 25. Nh5 Rg8 26. Qh3 Rgd8 27. Qg4
Rg8 28. Qh3 Rgd8 29. Qg4 1/2-1/2

[Event "FIDE Grand Swiss 2019"]
[Site "Douglas"]
[Date "12.10.2019"]
[Round "3.47"]
[White "Gukesh, D"]
[Black "Saric, Ivan"]
[Result "0-1"]
[WhiteTitle "GM"]
[BlackTitle "GM"]
[WhiteElo "2520"]
[BlackElo "2667"]
[WhiteFideId "46616543"]
[BlackFideId "14508150"]
[EventDate "2019.10.10"]

1. d4 Nf6 2. c4 g6 3. Nc3 Bg7 4. e4 d6 5. h3 O-O 6. Be3 c6 7. Nf3 Na6 8. Nd2 Nd7
9. g4 c5 10. d5 e6 11. Be2 Re8 12. Nb5 exd5 13. cxd5 Nf6 14. Nc3 Rb8 15. h4 b5
16. g5 Nh5 17. Nxb5 Qd7 18. a4 Bxb2 19. Rb1 Bg7 20. Na3 Nb4 21. Bb5 Rxb5 22.
axb5 f5 23. gxf6 Nxf6 24. Nc2 Nxe4 25. Nxe4 Rxe4 26. Nxb4 cxb4 27. Qe2 Qf5 28.
Rd1 b3 29. Rd3 b2 30. Kd2 Rb4 31. Rb1 Bd7 32. Qd1 Bxb5 33. Ra3 Rxh4 0-1

[Event "FIDE Grand Swiss 2019"]
[Site "Douglas"]
[Date "12.10.2019"]
[Round "3.48"]
[White "Keymer, Vincent"]
[Black "Sjugirov, Sanan"]
[Result "1-0"]
[WhiteTitle "IM"]
[BlackTitle "GM"]
[WhiteElo "2506"]
[BlackElo "2662"]
[WhiteFideId "12940690"]
[BlackFideId "4189302"]
[EventDate "2019.10.10"]

1. d4 g6 2. c4 Bg7 3. Nf3 d6 4. g3 c5 5. d5 b5 6. cxb5 Qa5+ 7. Nc3 a6 8. b6 Qxb6
9. Nd2 Nf6 10. Bg2 O-O 11. O-O Nbd7 12. b3 a5 13. Nc4 Qa6 14. Na4 Ng4 15. Bb2
Bxb2 16. Naxb2 Nge5 17. Nxe5 Nxe5 18. f4 Nd7 19. Rc1 Nb6 20. a4 Bg4 21. Rf2 Rfc8
22. h3 Bd7 23. e4 Qa7 24. f5 f6 25. h4 Kg7 26. g4 Rf8 27. g5 Rf7 28. Nd3 c4 29.
Nf4 cxb3 30. Qxb3 Nxa4 31. Qg3 fxg5 32. Qxg5 Raf8 33. Rf1 Bxf5 34. exf5 Rxf5 35.
Ne6+ Kg8 36. Nxf8 Rxg5 37. hxg5 Qe3 38. Kh1 Nc5 39. Nxh7 Nd7 40. Nf8 Nc5 41.
Nxg6 Qxg5 42. Rf8+ Kg7 43. R1f7+ Kxg6 44. Rg8+ Kxf7 45. Rxg5 Kf6 46. Rh5 a4 47.
Bf1 Ne4 48. Kg2 Nc3 49. Bc4 a3 50. Kf3 e6 51. dxe6 d5 52. Rxd5 a2 53. Ra5 1-0